Biblioteca y Centro de Documentación

La salud como derecho humano fundamental (Registro nro. 45443)

Detalles MARC
000 -CABECERA
Longitud fija campo de control 00948naa a2200265 4500
001 - NÚMERO DE CONTROL
Número de control 45443
003 - IDENTIFICADOR DE NÚMERO DE CONTROL
Identificador del número de control ES-MaCES
005 - FECHA Y HORA DE LA ÚLTIMA TRANSACCIÓN
Fecha y hora de la última transacción 20150929135610.0
008 - CAMPO FIJO DE DESCRIPCIÓN FIJA--INFORMACIÓN GENERAL
Códigos de información de longitud fija   000000s2014 sp ||||| t||||||| ||spa d
040 ## - FUENTE DE CATALOGACIÓN
Centro catalogador de origen ES-MaCES
Lengua de catalogación spa
Centro transcriptor ES-MaCES
100 1# - ENCABEZAMIENTO PRINCIPAL--NOMBRE PERSONAL
9 (RLIN) 18830
Nombre de persona Monereo Pérez, José Luis
245 13 - MENCIÓN DE TÍTULO
Título La salud como derecho humano fundamental
Mención de responsabilidad, etc. José Luis Monereo Pérez
500 ## - NOTA GENERAL
Nota general Resumen
504 ## - NOTA DE BIBLIOGRAFÍA, ETC.
Nota de bibliografía, etc. Bibliografía: p. 83-88
650 #4 - ASIENTO SECUNDARIO DE MATERIA--TÉRMINO DE MATERIA
9 (RLIN) 27058
Término de materia o nombre geográfico como elemento inicial servicio de salud
650 #4 - ASIENTO SECUNDARIO DE MATERIA--TÉRMINO DE MATERIA
9 (RLIN) 30272
Término de materia o nombre geográfico como elemento inicial asistencia médica
650 #4 - ASIENTO SECUNDARIO DE MATERIA--TÉRMINO DE MATERIA
9 (RLIN) 27171
Término de materia o nombre geográfico como elemento inicial derechos humanos
650 #4 - ASIENTO SECUNDARIO DE MATERIA--TÉRMINO DE MATERIA
9 (RLIN) 29875
Término de materia o nombre geográfico como elemento inicial derechos económicos y sociales
650 #4 - ASIENTO SECUNDARIO DE MATERIA--TÉRMINO DE MATERIA
9 (RLIN) 30591
Término de materia o nombre geográfico como elemento inicial estrategia de gestión
653 10 - TÉRMINO DE INDEXACIÓN--NO CONTROLADO
Término no controlado Salud
650 #4 - ASIENTO SECUNDARIO DE MATERIA--TÉRMINO DE MATERIA
9 (RLIN) 26752
Término de materia o nombre geográfico como elemento inicial UE
773 0# - ENTRADA DE DOCUMENTO FUENTE
Itemnumber del ítem fuente 82076
Lugar, editor y fecha de publicación Las Rozas, Madrid (Monterrey, 1, 28230) La Ley
Otro identificador del documento 084980
Título Relaciones laborales
Número de control del registro relacionado (ES-MaCES)25210
Parte(s) relacionada(s) año 30, n. 9 (sept. 2014) {10194 R. 084980} ;p. 53-88
902 ## - CES. TIPO DE DOCUMENTO
Tipodoc (006$c Sirtex) ART Artículo de revista
942 ## - ELEMENTOS KOHA
Fuente de clasificaión o esquema Clasificación propia del CES
Koha [por defecto] tipo de item Artículos (1982-2017)
Parte de clasificación Salud

No hay ítems disponibles.

© CES, Consejo Económico y Social de España 2021